Personálny a dobrovoľnícky manažment neziskovej organizácie bakalárska práca

Uložené v:
Podrobná bibliografia
Hlavný autor: Krumpálová, Karolína
Korporativný autor: Fakulta podnikového manažmentu EU. Katedra podnikovohospodárska
Ďalší autori: Hrušovská, Dana, 1964-
Médium: Kniha
Jazyk:Slovak
Vydavateľské údaje: Bratislava 2024
Tagy: Pridať tag
Žiadne tagy, Buďte prvý, kto otaguje tento záznam!

MARC

LEADER 00000nbm a2200000 4500
001 0302021
005 20250206091849.1
041 0 |a slo 
044 |a SK 
245 1 0 |a Personálny a dobrovoľnícky manažment neziskovej organizácie  |b bakalárska práca  |c Karolína Krumpálová ; školiteľ: Dana Hrušovská 
264 1 |a Bratislava  |c 2024 
300 |a 58 s. 
100 1 |a Krumpálová, Karolína 
700 1 |a Hrušovská, Dana, 1964- 
710 2 |a Fakulta podnikového manažmentu EU. Katedra podnikovohospodárska